Statystyki dla Wymień wszystkich mistrzów UFC w wadze ciężkiej.

Kliknij tutaj aby rozwiązać quiz!

Ogólne statystyki

  • Ten quiz został rozwiązany 66 razy
  • Średni wynik to 9 z 29

Statystyki odpowiedzi

ROKMistrz% Poprawnych
2023-.....Jon Jones
96%
2019-2021Stipe Miocic
86%
2016-2018Stipe Miocic
86%
2018-2019Daniel Cormier
81%
2021-2023Francis Ngannou
75%
TymczasowyCiryl Gane
70%
2008-2010Brock Lesnar
67%
2010-2011Cain Velasquez
35%
2012-2015Cain Velasquez
35%
2011-2012Junior dos Santos
32%
2008-2009Frank Mir
30%
2004-2005Frank Mir
30%
2015-2016Fabricio Werdum
28%
TymczasowyFabricio Werdum
28%
2000-2002Randy Couture
21%
1997-1998Randy Couture
21%
2003-2003Tim Sylvia
18%
2006-2007Tim Sylvia
18%
1997-1997Mark Coleman
16%
2002-2002Josh Barnett
11%
1999-1999Bas Rutten
9%
2008-2008Antônio Rodrigo Nogueira
7%
2010-2010Shane Carwin
7%
2005-2006Andrej Arłouski
4%
TymczasowyAndrej Arłouski
4%
1999-2000Kevin Randleman
4%
1997-1997Mauricie Smith
4%
2002-2003Ricco Rodriguez
4%
2007-2008Randy Courtre
0%

Rozkład punktacji

Percentyl według liczby udzielonych odpowiedzi

Procent ludzi z każdym wynikiem

Twoja historia wyników

Nie rozwiązałeś tego quizu